书目信息 |
| 题名: |
中国文化地理纲要
|
|
| 作者: | 胡兆量 主编 | |
| 分册: | ||
| 出版信息: | 北京 人民教育出版社 2005 |
|
| 页数: | 388 | |
| 开本: | 21cm | |
| 丛书名: | ||
| 单 册: | ||
| 中图分类: | G07 | |
| 科图分类: | ||
| 主题词: | 文化地理学 | |
| 电子资源: | ||
| ISBN: | 7-107-18558-6 | |
| 000 | 00533nam0 2200181 450 | |
| 001 | 0760515518 | |
| 005 | 20070817164835.51 | |
| 010 | @a7-107-18558-6@d¥21.70 | |
| 100 | @a20070817d km y0chiy0120 ea | |
| 101 | 0 | @achi |
| 200 | 1 | @a中国文化地理纲要@Azhong guo wen hua di li gang yao@f胡兆量等主编@Fhu zhao liang deng zhu bian |
| 210 | @a北京@c人民教育出版社@d2005 | |
| 215 | @a388@d21cm | |
| 606 | 0 | @a文化地理学 |
| 690 | @aG07@v3 | |
| 701 | 0 | @a胡兆量@Ahu zhao liang@4主编 |
| 801 | 0 | @aCN@bPFT@c20070817 |
| 905 | @a213230@dG07@eg5@f1 | |
| 中国文化地理纲要/胡兆量等主编.-北京:人民教育出版社,2005 |
| 388;21cm |
| ISBN 7-107-18558-6:¥21.70 |
| ● |
| 相关链接 |
|
|
|
|
正题名:中国文化地理纲要
索取号:G07/g5
 
预约/预借
| 序号 | 登录号 | 条形码 | 馆藏地/架位号 | 状态 | 备注 |
| 1 | 6503166 | 265031663 | 经管系资料室/ [索取号:G07/g5] | 在馆 | |
| 2 | 6503167 | 265031672 | 经管系资料室/ [索取号:G07/g5] | 在馆 | |
| 3 | 6503168 | 265031681 | 经管系资料室/ [索取号:G07/g5] | 在馆 | |
| 4 | 6503169 | 265031690 | 经管系资料室/ [索取号:G07/g5] | 在馆 | |
| 5 | 6503170 | 265031707 | 经管系资料室/ [索取号:G07/g5] | 在馆 |